000 00847nam a22003017a 4500
001 BR7703502
003 BR-BrBNA
005 20230928085329.0
007 ta
008 230509b bl.||||| |||| 00| 0 por d
040 _aBR-BrBNA
_bpor
_cBiblioteca Nacional de Agricultura
041 _a(Por)
072 _aF00; F30
_b/G514
090 _ F00 BR7703502
110 1 _aBrascan Nordeste, Recife, PE (Brasil)
_91287
245 1 _aRelatorio Tecnico dos Convenios. Exercicio de 1976 [Producao vegetal; Nordeste; Brasil]
260 3 _aRecife, PE (Brasil):
_c1977.
300 _a116 p.
650 _aProducao vegetal
650 _aMelhoramento genetico vegetal
650 _aPlantio
650 _aColheita
650 _aMaturacao
650 _aArmazenamento
650 _aNordeste
909 _a202309
_bLucia
_c55
_dLucia Elande
942 _cBK
999 _c23881
_d23881